000 01141cab a2200277 4500
001 ABS48207
008 090401t1993 xxu||||| |||| 00| 0 eng d
035 _a(Sirsi) u65459
041 _aeng
245 _aEnvironment
260 _c1993
350 _a0
490 _aConstruction News
_v(6306) 18 March 1993, 17-23(5)
520 _aSeries of articles on how construction and its by products can effect the environment. Includes items on how some companies are using landfill sites to dispose of their waste products, what safeguards exist to force developers to clean up contaminated sites, techniques available for dealing with contamination, methods used to treat the toxic mine waste from Wheal Jane and penalties which the courts can enforce for environmental offences.
650 _aCONTAMINATED LAND
650 _aENVIRONMENTAL EFFECTS
650 _aLANDFILL SITES
650 _aBUILT ENVIRONMENT-BUILDING MATERIALS
650 _aMINE WASTE
650 _aTIN MINES
650 _aWASTE DISPOSAL
690 _aBUILT ENVIRONMENT
690 _aENVIRONMENTAL AND LAND CONSULTANCY
942 _n0
948 _c04/03/1997
999 _c40818
_d40818